| 000 | 00636nam a22002177a 4500 | ||
|---|---|---|---|
| 003 | OSt | ||
| 005 | 20131021111425.0 | ||
| 008 | 130416s2009 sp ||||| |||| 00| 0 spa d | ||
| 020 | _a9788498993684 | ||
| 040 | _cCDMR | ||
| 100 | 1 |
_93189 _aAmaral, Francisco |
|
| 245 | 1 | 0 |
_aEvolución, tendencias y modelos _b: en el diseño de webs de noticias _cFrancisco Amaral, Daniel Gimeno |
| 250 | _a1a ed. | ||
| 260 |
_a[Barcelona] _bSol90 _c[2010] |
||
| 300 |
_a192 p. _bil. col. |
||
| 490 | 0 | _aSol90 Media | |
| 610 | 2 |
_93184 _aCases i Associats |
|
| 650 | 0 | 4 |
_93188 _aPremsa digital _xDisseny |
| 700 | 1 |
_93190 _aGimeno, Daniel |
|
| 942 |
_2udc _cMON |
||
| 999 |
_c6098 _d6098 |
||